[Event "AUT-chT2O 1011"]
[Site "Austria"]
[Date "2011.03.13"]
[Round "11.6"]
[White "Ganauser, Eduard"]
[Black "Salamon, Werner"]
[Result "1/2-1/2"]
[WhiteElo "2096"]
[BlackElo "2152"]
[PlyCount "56"]
[EventDate "2010.10.02"]
[EventType "team-tourn"]
[EventRounds "11"]
[EventCountry "AUT"]
[SourceTitle "EXT 2012"]
[Source "ChessBase"]
[SourceDate "2011.11.24"]
[SourceVersion "1"]
[SourceVersionDate "2011.11.24"]
[SourceQuality "1"]
[WhiteTeam "Wiener Neustadt"]
[BlackTeam "Mattersburg"]
[WhiteTeamCountry "AUT"]
[BlackTeamCountry "AUT"]

1. c4 e6 2. Nc3 d5 3. e3 Nf6 4. Nf3 Be7 5. Be2 0-0 6. 0-0 c5 7. cxd5 exd5 8. d4 Nc6 9. dxc5 Bxc5 10. Nb5 Re8 11. Nbd4 Qb6 12. Bb5 Bg4 13. Bxc6 bxc6 14. Qa4 Rac8 15. h3 Bh5 16. Qb3 Qa6 17. Qc3 Ne4 18. Qc2 Bxd4 19. Nxd4 c5 20. Nb3 d4 21. Nd2 Nxf2 22. exd4 Bg6 23. Qc4 Qxc4 24. Nxc4 Nxh3+ 25. gxh3 Bd3 26. Nd6 Bxf1 27. Nxc8 Bxh3 28. Nd6 Re2 1/2-1/2

[Event "AUT-chT2O 1011"]
[Site "Austria"]
[Date "2011.03.12"]
[Round "10.6"]
[White "Haas, Bernhard"]
[Black "Ganauser, Eduard"]
[Result "0-1"]
[WhiteElo "1989"]
[BlackElo "2096"]
[PlyCount "194"]
[EventDate "2010.10.02"]
[EventType "team-tourn"]
[EventRounds "11"]
[EventCountry "AUT"]
[SourceTitle "EXT 2012"]
[Source "ChessBase"]
[SourceDate "2011.11.24"]
[SourceVersion "1"]
[SourceVersionDate "2011.11.24"]
[SourceQuality "1"]
[WhiteTeam "Wien Husek"]
[BlackTeam "Wiener Neustadt"]
[WhiteTeamCountry "AUT"]
[BlackTeamCountry "AUT"]

1. e4 c5 2. c3 Nf6 3. e5 Nd5 4. d4 cxd4 5. Nf3 Nc6 6. cxd4 d6 7. Bc4 e6 8. 0-0 Nb6 9. Bb3 Be7 10. Nc3 0-0 11. Qe2 a6 12. Rd1 Qc7 13. Bf4 dxe5 14. dxe5 Nd7 15. Rac1 Nc5 16. Bc2 b6 17. Ne4 Nb4 18. Bb1 Bb7 19. Nd6 Bxd6 20. exd6 Bxf3 21. Qxf3 Qd7 22. Qg3 Nd5 23. Be5 f6 24. Bd4 Nb7 25. Bxb6 Qxd6 26. Qxd6 Nxd6 27. Bc5 Rfd8 28. b4 Nb5 29. Be4 Nbc3 30. Bxd5 Nxd5 31. Kf1 Nf4 32. Bd6 Nd5 33. Bc5 Kf7 34. a4 Rab8 35. Ke2 Ke8 36. Kf3 Nxb4 37. Rxd8+ Kxd8 38. Bd6 Rb7 39. Rb1 a5 40. Bxb4 axb4 41. Ke3 b3 42. Kd4 Rb4+ 43. Kc5 Rxa4 44. Rxb3 Ra7 45. Kd6 Ra6+ 46. Kc5 Ke7 47. Rb7+ Kf8 48. Rb2 Kf7 49. Kd4 g5 50. Ke3 Ra3+ 51. Ke2 h5 52. Rb4 h4 53. Rb6 e5 54. h3 Ra2+ 55. Ke3 Kg6 56. Rb3 Ra1 57. Kf3 Re1 58. g4 hxg3 59. fxg3 Rh1 60. Kg2 Rd1 61. Kf3 Rd4 62. Ra3 Kh5 63. Ra6 Rd3+ 64. Kg2 Kg6 65. Kf2 Kf7 66. Rb6 Rd2+ 67. Kf3 Rh2 68. Kg4 Kg6 69. h4 gxh4 70. gxh4 Rf2 71. Kg3 Rf4 72. Rb8 Ra4 73. Rg8+ Kf5 74. h5 Ra1 75. Kg2 Ra7 76. Kg3 Rh7 77. Kh4 Kf4 78. Rg4+ Ke3 79. Rg3+ Kf4 80. Rg4+ Kf5 81. Rg2 e4 82. Rg3 Ke5 83. Ra3 Kf4 84. Ra1 Ke3 85. Rf1 Rf7 86. Re1+ Kf3 87. h6 e3 88. Rf1+ Kg2 89. Re1 Kf2 90. Ra1 f5 91. Kg5 f4 92. Kg6 Re7 93. h7 Re8 94. Kf7 Rh8 95. Kg7 Rxh7+ 96. Kxh7 e2 97. Ra2 f3 0-1

[Event "AUT-chT2O 1011"]
[Site "Austria"]
[Date "2010.10.30"]
[Round "3.6"]
[White "Teuber, Andreas"]
[Black "Ganauser, Eduard"]
[Result "1-0"]
[WhiteElo "2167"]
[BlackElo "2096"]
[PlyCount "77"]
[EventDate "2010.10.02"]
[EventType "team-tourn"]
[EventRounds "11"]
[EventCountry "AUT"]
[SourceTitle "EXT 2011"]
[Source "ChessBase"]
[SourceDate "2010.11.26"]
[SourceVersion "1"]
[SourceVersionDate "2010.11.26"]
[SourceQuality "1"]
[WhiteTeam "Niederabsdorf"]
[BlackTeam "Wiener Neustadt"]
[WhiteTeamCountry "AUT"]
[BlackTeamCountry "AUT"]

1. d4 d5 2. Nf3 e6 3. g3 Nf6 4. Bg2 b5 5. c3 Bb7 6. Qb3 c6 7. Nbd2 Qb6 8. 0-0 Nbd7 9. Re1 Be7 10. e4 dxe4 11. Ng5 c5 12. Ndxe4 Nxe4 13. Nxe4 Bd5 14. dxc5 Nxc5 15. Qc2 Nxe4 16. Bxe4 Bxe4 17. Qxe4 0-0 18. Be3 Bc5 19. Bxc5 Qxc5 20. Qe5 Qc6 21. Re4 Rad8 22. Rd4 Rxd4 23. Qxd4 a6 24. Rd1 g6 25. h4 h5 26. Qe3 Kh7 27. Rd4 Qc8 28. Qd3 Qc5 29. b3 Rc8 30. Rf4 Qe7 31. a4 Rd8 32. Qf3 Kg8 33. axb5 axb5 34. Qc6 Rd5 35. Rb4 Qa7 36. Rxb5 Rd1+ 37. Kg2 Qa1 38. Rb7 Kg7 39. Qf3 1-0

[Event "AUT-chT2O 0910"]
[Site "Austria"]
[Date "2010.02.20"]
[Round "7.6"]
[White "Zechner, Andrea"]
[Black "Ganauser, Eduard"]
[Result "0-1"]
[WhiteElo "1987"]
[BlackElo "2105"]
[PlyCount "72"]
[EventDate "2009.10.17"]
[EventType "team-tourn"]
[EventRounds "11"]
[EventCountry "AUT"]
[SourceTitle "EXT 2011"]
[Source "ChessBase"]
[SourceDate "2010.11.26"]
[SourceVersion "1"]
[SourceVersionDate "2010.11.26"]
[SourceQuality "1"]
[WhiteTeam "Baden Invest II"]
[BlackTeam "Wiener Neustadt"]
[WhiteTeamCountry "AUT"]
[BlackTeamCountry "AUT"]

1. d4 Nf6 2. c4 e6 3. Nc3 Bb4 4. e3 b6 5. Nge2 Bb7 6. a3 Be7 7. Nf4 d6 8. d5 e5 9. Nh5 Nxh5 10. Qxh5 g6 11. Qh6 Bf8 12. Qh3 Bc8 13. Qg3 f5 14. e4 Qf6 15. Bd3 Bg7 16. f3 0-0 17. b4 a5 18. Rb1 axb4 19. axb4 Kh8 20. Qf2 Nd7 21. Nb5 Qd8 22. 0-0 Nf6 23. Bg5 Qd7 24. Qc2 c6 25. dxc6 Qxc6 26. exf5 Bxf5 27. Bxf5 gxf5 28. Rfd1 Ne8 29. Rd5 Rc8 30. Be7 Qxd5 31. Bxf8 Qxb5 32. Qxf5 Qxc4 33. Rd1 Bxf8 34. Qxf8+ Qg8 35. Qf5 Rc7 36. Rxd6 Nxd6 0-1

[Event "Niederoesterreich Landesliga 0910"]
[Site "Austria"]
[Date "2009.10.25"]
[Round "3"]
[White "Ganauser, Eduard"]
[Black "Cika, Agron"]
[Result "1-0"]
[WhiteElo "2021"]
[BlackElo "1911"]
[PlyCount "79"]
[EventDate "2009.09.06"]
[EventType "team-tourn"]
[EventRounds "11"]
[EventCountry "AUT"]
[SourceTitle "EXT 2022"]
[Source "ChessBase"]
[SourceDate "2021.10.06"]
[SourceVersion "1"]
[SourceVersionDate "2021.10.06"]
[SourceQuality "1"]

1. c4 Nf6 2. Nc3 c5 3. Nf3 Nc6 4. d4 cxd4 5. Nxd4 g6 6. g3 a6 7. Bg2 Nxd4 8. Qxd4 Bg7 9. 0-0 Nh5 10. Qd3 d6 11. Be3 0-0 12. Qd2 Qa5 13. Nd5 Qxd2 14. Nxe7+ Kh8 15. Bxd2 Re8 16. Nxc8 Raxc8 17. Bxb7 Rb8 18. Bxa6 Rxb2 19. Be3 Ra8 20. Bb5 Rbxa2 21. Rxa2 Rxa2 22. Rd1 Bf8 23. c5 dxc5 24. Rd8 Kg7 25. Re8 Nf6 26. Bh6+ Kxh6 27. Rxf8 Kg7 28. Rxf7+ Kxf7 29. Bc4+ Ke7 30. Bxa2 Kd6 31. f3 Ke5 32. e3 g5 33. Kf2 Ne8 34. f4+ gxf4 35. gxf4+ Kf6 36. e4 Ke7 37. e5 Nc7 38. Kf3 Ne8 39. Ke4 Ng7 40. f5 1-0

[Event "Niederoesterreich Landesliga 0304"]
[Site "Austria"]
[Date "2003.11.16"]
[Round "5"]
[White "Hochadel, Oliver"]
[Black "Ganauser, Eduard"]
[Result "0-1"]
[WhiteElo "2010"]
[BlackElo "2014"]
[PlyCount "76"]
[EventDate "2003.09.21"]
[EventType "team-tourn"]
[EventRounds "11"]
[EventCountry "AUT"]
[SourceTitle "EXT 2022"]
[Source "ChessBase"]
[SourceDate "2021.10.06"]
[SourceVersion "1"]
[SourceVersionDate "2021.10.06"]
[SourceQuality "1"]

1. d4 Nf6 2. c4 e6 3. Nc3 Bb4 4. e3 b6 5. Nge2 Bb7 6. a3 Bxc3+ 7. Nxc3 0-0 8. Bd3 d6 9. e4 e5 10. d5 a5 11. 0-0 Bc8 12. f4 exf4 13. Bxf4 Nbd7 14. Bg5 h6 15. Bh4 g5 16. Bg3 Qe7 17. Qf3 Kg7 18. Nb5 Ne8 19. e5 Nxe5 20. Bxe5+ dxe5 21. d6 Nxd6 22. Nxd6 Qxd6 23. Qxa8 Qxd3 24. Qc6 Qd6 25. Qf3 f5 26. Kh1 e4 27. Qe3 Qe5 28. Rfd1 Bb7 29. Rd7+ Rf7 30. Rad1 Bc6 31. Rxf7+ Kxf7 32. b4 axb4 33. axb4 f4 34. Qh3 Qe6 35. Qc3 e3 36. b5 Bxg2+ 37. Kg1 Bf3 38. Qh8 Qg4+ 0-1

[Event "Niederoesterreich Landesliga 0304"]
[Site "Austria"]
[Date "2003.10.05"]
[Round "2"]
[White "Neuschmied, Siegfried"]
[Black "Ganauser, Eduard"]
[Result "1-0"]
[WhiteElo "2159"]
[BlackElo "2014"]
[PlyCount "73"]
[EventDate "2003.09.21"]
[EventType "team-tourn"]
[EventRounds "11"]
[EventCountry "AUT"]
[SourceTitle "EXT 2022"]
[Source "ChessBase"]
[SourceDate "2021.10.06"]
[SourceVersion "1"]
[SourceVersionDate "2021.10.06"]
[SourceQuality "1"]

1. e4 c5 2. Nf3 Nc6 3. d4 cxd4 4. Nxd4 Nf6 5. Nc3 e5 6. Ndb5 d6 7. Bg5 a6 8. Na3 b5 9. Nd5 Be7 10. Bxf6 Bxf6 11. c3 Rb8 12. Nc2 Bg5 13. Ncb4 Ne7 14. Nxe7 Bxe7 15. Nc6 Qc7 16. Nxb8 Qxb8 17. Bd3 Be6 18. 0-0 0-0 19. Qe2 d5 20. exd5 Bxd5 21. Bxh7+ Kxh7 22. Qd3+ Be4 23. Qxe4+ f5 24. Qe2 Rf6 25. Qh5+ Kg8 26. Rad1 e4 27. g3 Qc8 28. Rd5 f4 29. Rfd1 f3 30. Rd7 Bf8 31. Qd5+ Kh8 32. Qxe4 b4 33. cxb4 a5 34. bxa5 Qc5 35. R7d5 Qc7 36. Rh5+ Kg8 37. Qd5+ 1-0

[Event "Faakersee op 18th"]
[Site "Latschach"]
[Date "2002.08.12"]
[Round "4"]
[White "Ganauser, Eduard"]
[Black "Kreisl, Robert"]
[Result "0-1"]
[WhiteElo "1927"]
[BlackElo "2128"]
[PlyCount "70"]
[EventDate "2002.08.??"]
[EventType "swiss"]
[EventRounds "9"]
[EventCountry "AUT"]
[SourceTitle "EXT 2006"]
[Source "ChessBase"]
[SourceDate "2005.11.24"]
[SourceVersion "1"]
[SourceVersionDate "2005.11.24"]
[SourceQuality "1"]

1. c4 Nf6 2. Nc3 d5 3. cxd5 Nxd5 4. g3 g6 5. Bg2 Nb6 6. Nf3 Bg7 7. 0-0 0-0 8. d3 Nc6 9. a3 e5 10. Be3 Nd4 11. Nd2 c6 12. Rc1 f5 13. Bxd4 exd4 14. Na4 Nxa4 15. Qxa4 Qe7 16. Rfe1 Be6 17. b4 a6 18. Rc5 f4 19. Qc2 Rae8 20. Ne4 Bd5 21. Qb2 h6 22. Rcc1 Rf7 23. Qd2 Qe5 24. Rf1 g5 25. g4 h5 26. h3 hxg4 27. hxg4 f3 28. Bxf3 Rf4 29. Kg2 Qe6 30. Rg1 Ref8 31. Nxg5 Qh6 32. Bxd5+ cxd5 33. Nf3 Rxf3 34. Qxh6 Rxf2+ 35. Kg3 Be5+ 0-1